[Event "Biel Rapid op 58th"]
[Site "Biel"]
[Date "2025.07.13"]
[Round "5"]
[White "Schweitzer, Olaf"]
[Black "Kappeler, Kaspar"]
[Result "0-1"]
[WhiteElo "1999"]
[BlackElo "2152"]
[PlyCount "134"]
[EventDate "2025.07.13"]
[EventType "swiss (rapid)"]
[EventRounds "9"]
[EventCountry "SUI"]
[SourceTitle "CB29_2025"]
[SourceDate "2025.07.16"]
[SourceVersion "1"]
[SourceVersionDate "2025.07.16"]
[SourceQuality "1"]

1. e4 c5 2. Nf3 Nc6 3. Bb5 d6 4. c3 Bd7 5. Qe2 Nf6 6. 0-0 a6 7. Ba4 b5 8. Bc2 Bg4 9. d3 g6 10. Nbd2 Bg7 11. h3 Bxf3 12. Nxf3 0-0 13. Rd1 Rc8 14. d4 cxd4 15. cxd4 Qb6 16. e5 Nd5 17. Bb3 e6 18. Qe4 Nce7 19. Qh4 Nf5 20. Qe4 dxe5 21. Nxe5 Rfd8 22. g4 Nf6 23. Qe2 Nxd4 24. Rxd4 Rxd4 25. Be3 Re4 26. Qf3 Rxe3 27. fxe3 Rc7 28. Qa8+ Bf8 29. Re1 Kg7 30. Qd8 Qd6 31. Qxd6 Bxd6 32. Nd3 h5 33. e4 Bc5+ 34. Kg2 hxg4 35. hxg4 Nxg4 36. Kg3 Nf6 37. Kf3 Bd4 38. Re2 Nd7 39. e5 Nb6 40. Re4 Bc5 41. Ke2 Be7 42. Rd4 g5 43. Nf2 Bc5 44. Rg4 Bxf2 45. Kxf2 Kg6 46. Rd4 Kf5 47. Rd6 Nc4 48. Rxa6 Kxe5 49. a4 bxa4 50. Rxa4 Nxb2 51. Ra5+ Kf6 52. Ke2 Nc4 53. Ra4 Nd6 54. Rd4 Nf5 55. Rd3 Ke5 56. Kf2 g4 57. Bd1 Nh6 58. Kg3 f5 59. Re3+ Kf6 60. Bb3 Rc6 61. Rd3 Kg5 62. Bd1 f4+ 63. Kg2 Nf5 64. Rd8 f3+ 65. Kh2 Rd6 66. Rg8+ Kf4 67. Rg6 Rd2+ 0-1

[Event "Titled Tuesday intern op 07th Jan Early"]
[Site "Chess.com INT"]
[Date "2025.01.07"]
[Round "8"]
[White "Kappeler, Kaspar"]
[Black "Monteiro, Luis Felipe Furtado"]
[Result "0-1"]
[WhiteElo "2136"]
[BlackElo "1942"]
[PlyCount "56"]
[EventDate "2025.01.07"]
[EventType "swiss (blitz)"]
[EventRounds "11"]
[EventCountry "USA"]
[SourceTitle "CB03_2025"]
[SourceDate "2025.01.15"]
[SourceVersion "1"]
[SourceVersionDate "2025.01.15"]
[SourceQuality "1"]

1. c4 e5 2. e3 Nf6 3. Nc3 Bb4 4. Nf3 Bxc3 5. bxc3 d6 6. Be2 e4 7. Nd4 c5 8. Nb3 Nc6 9. 0-0 Ne5 10. f3 exf3 11. Bxf3 Nxc4 12. Nxc5 dxc5 13. Qa4+ Bd7 14. Qxc4 0-0 15. Qxc5 Rc8 16. Qg5 h6 17. Qg3 Bc6 18. Ba3 Re8 19. Rf2 Ne4 20. Bxe4 Bxe4 21. Bd6 Rc6 22. Be5 Rg6 23. Qf4 Qd5 24. Bd4 Bxg2 25. h4 Re4 26. Qb8+ Kh7 27. c4 Bf3+ 28. Kh2 Rxh4# 0-1

[Event "Titled Tuesday intern op 07th Jan Early"]
[Site "Chess.com INT"]
[Date "2025.01.07"]
[Round "3"]
[White "Kappeler, Kaspar"]
[Black "Pantelic, Sasa"]
[Result "1-0"]
[WhiteElo "2136"]
[BlackElo "2122"]
[PlyCount "55"]
[EventDate "2025.01.07"]
[EventType "swiss (blitz)"]
[EventRounds "11"]
[EventCountry "USA"]
[SourceTitle "CB03_2025"]
[SourceDate "2025.01.15"]
[SourceVersion "1"]
[SourceVersionDate "2025.01.15"]
[SourceQuality "1"]

1. c4 Nf6 2. Nf3 c6 3. g3 d5 4. Bg2 Bg4 5. Ne5 Bf5 6. d3 e6 7. 0-0 Bd6 8. Nf3 0-0 9. b3 Nbd7 10. Bb2 h6 11. Nbd2 Rc8 12. e4 dxe4 13. dxe4 Bxe4 14. Nxe4 Nxe4 15. Nh4 Ndf6 16. Qe2 Nc5 17. Rad1 Qe7 18. Bxf6 gxf6 19. Qh5 Kg7 20. Rfe1 Rcd8 21. Nf5+ exf5 22. Rxe7 Bxe7 23. Re1 Rfe8 24. Qxf5 Nd3 25. Be4 Bc5 26. Qh7+ Kf8 27. Qh8+ Ke7 28. Bxd3+ 1-0

[Event "Titled Tuesday intern op 03rd Sep Late"]
[Site "Chess.com INT"]
[Date "2024.09.03"]
[Round "11"]
[White "Bold, Andre"]
[Black "Kappeler, Kaspar"]
[Result "1-0"]
[WhiteElo "2215"]
[BlackElo "2113"]
[PlyCount "79"]
[EventDate "2024.09.03"]
[EventType "swiss (blitz)"]
[EventRounds "11"]
[EventCountry "USA"]
[SourceTitle "EXT 2025"]
[Source "ChessBase"]
[SourceDate "2024.10.14"]
[SourceVersion "1"]
[SourceVersionDate "2024.10.14"]
[SourceQuality "1"]

1. e4 c5 2. g3 e6 3. Bg2 Nc6 4. Ne2 d5 5. 0-0 dxe4 6. Nbc3 Nf6 7. Nxe4 Nxe4 8. Bxe4 Bd7 9. Nc3 Be7 10. d3 0-0 11. Qh5 g6 12. Qd1 Bf6 13. Bh6 Re8 14. Re1 Nd4 15. Ne2 Bc6 16. Nxd4 Qxd4 17. c3 Qd7 18. Qf3 Bg7 19. Bxg7 Kxg7 20. Bxc6 bxc6 21. Re5 Rab8 22. b3 Red8 23. Rxc5 Qxd3 24. Qxd3 Rxd3 25. Rxc6 Rd2 26. Rc7 a5 27. Ra7 Rb5 28. a4 Re5 29. b4 Ree2 30. Rf1 axb4 31. cxb4 Rb2 32. b5 h5 33. h4 Kf6 34. Ra6 Kf5 35. b6 e5 36. a5 e4 37. Ra7 Kg4 38. Rxf7 e3 39. Kg2 Rec2 40. Rf4# 1-0

[Event "Titled Tuesday intern op 03rd Sep Late"]
[Site "Chess.com INT"]
[Date "2024.09.03"]
[Round "7"]
[White "Kappeler, Kaspar"]
[Black "George Micheal, Kevin"]
[Result "1-0"]
[WhiteElo "2113"]
[BlackElo "2267"]
[PlyCount "99"]
[EventDate "2024.09.03"]
[EventType "swiss (blitz)"]
[EventRounds "11"]
[EventCountry "USA"]
[SourceTitle "EXT 2025"]
[Source "ChessBase"]
[SourceDate "2024.10.14"]
[SourceVersion "1"]
[SourceVersionDate "2024.10.14"]
[SourceQuality "1"]

1. Nf3 Nf6 2. g3 g6 3. Bg2 Bg7 4. 0-0 0-0 5. d4 d6 6. c4 Nc6 7. Nc3 Bf5 8. Nh4 Bd7 9. Nf3 e5 10. d5 Ne7 11. e4 Bg4 12. h3 Bxf3 13. Bxf3 Nd7 14. Kg2 a5 15. h4 f5 16. h5 Nc5 17. Rh1 Qe8 18. hxg6 Qxg6 19. Bh5 Qf6 20. exf5 Nxf5 21. Qf3 Qe7 22. Qg4 Nd3 23. Bg5 Qd7 24. Be3 Kh8 25. Ne4 Nxe3+ 26. fxe3 Qxg4 27. Bxg4 Nxb2 28. Ng5 h6 29. Ne6 Rf7 30. Bh5 Rf6 31. Nxc7 Rc8 32. Ne8 Rf8 33. Nxd6 Rc7 34. Rac1 Rd8 35. Nf7+ Rxf7 36. Bxf7 b6 37. Be6 e4 38. Rh4 Nd3 39. Rf1 Nc5 40. Rf7 a4 41. Rg4 Bc3 42. Rg6 Nxe6 43. dxe6 Rd2+ 44. Kh3 Bb4 45. Rxh6+ Kg8 46. Rg6+ Kh8 47. e7 Bxe7 48. Rxe7 a3 49. Rxb6 Rxa2 50. Rxe4 1-0

[Event "Titled Tuesday intern op 03rd Sep Late"]
[Site "Chess.com INT"]
[Date "2024.09.03"]
[Round "3"]
[White "Kepeshchuk, Mykhaylo"]
[Black "Kappeler, Kaspar"]
[Result "0-1"]
[WhiteElo "2269"]
[BlackElo "2113"]
[PlyCount "86"]
[EventDate "2024.09.03"]
[EventType "swiss (blitz)"]
[EventRounds "11"]
[EventCountry "USA"]
[SourceTitle "EXT 2025"]
[Source "ChessBase"]
[SourceDate "2024.10.14"]
[SourceVersion "1"]
[SourceVersionDate "2024.10.14"]
[SourceQuality "1"]

1. d4 Nf6 2. c4 g6 3. Nc3 Bg7 4. e4 d6 5. Nf3 0-0 6. Be2 e5 7. d5 a5 8. Be3 Ng4 9. Bg5 f6 10. Bh4 Na6 11. a3 Nc5 12. b4 axb4 13. axb4 Rxa1 14. Qxa1 Nb3 15. Qd1 Nd4 16. Nxd4 exd4 17. Qxd4 g5 18. Qd2 gxh4 19. h3 Ne5 20. f4 Bh6 21. 0-0 Kh8 22. Qe1 Ng6 23. f5 Ne5 24. Qxh4 Be3+ 25. Kh1 Rg8 26. Nd1 Bg5 27. Qf2 c6 28. Nc3 cxd5 29. Nxd5 Bd7 30. h4 Bh6 31. c5 Bc6 32. Qd4 dxc5 33. bxc5 Bxd5 34. exd5 Qd7 35. Bf3 Rd8 36. d6 Nxf3 37. Rxf3 b6 38. Qxf6+ Bg7 39. Qe6 bxc5 40. Qxd7 Rxd7 41. f6 Bf8 42. Rf5 Bxd6 43. f7 Kg7 0-1

[Event "Titled Tuesday intern op 13th Aug Late"]
[Site "Chess.com INT"]
[Date "2024.08.13"]
[Round "6"]
[White "Kappeler, Kaspar"]
[Black "Breuil, Tristan"]
[Result "1-0"]
[WhiteElo "2113"]
[BlackElo "2284"]
[PlyCount "101"]
[EventDate "2024.08.13"]
[EventType "swiss (blitz)"]
[EventRounds "11"]
[EventCountry "USA"]
[SourceTitle "EXT 2025"]
[Source "ChessBase"]
[SourceDate "2024.10.14"]
[SourceVersion "1"]
[SourceVersionDate "2024.10.14"]
[SourceQuality "1"]

1. Nf3 Nf6 2. g3 d5 3. Bg2 c6 4. 0-0 Bg4 5. d3 e6 6. Nbd2 Bd6 7. b3 Nbd7 8. Bb2 0-0 9. h3 Bh5 10. Qe1 Re8 11. e4 e5 12. Nh4 Bg6 13. Nxg6 hxg6 14. Qe2 Nh5 15. Rae1 Nb6 16. a4 a5 17. Qe3 f5 18. exd5 cxd5 19. c4 d4 20. Qe2 Qc7 21. Rc1 Bc5 22. Nf3 Rad8 23. Nh4 Qf7 24. Qd2 Qf6 25. Qxa5 Nd7 26. Bxb7 Rb8 27. Bd5+ Kh7 28. Qd2 Rxb3 29. Rb1 Reb8 30. a5 Bb4 31. Qc2 Bxa5 32. Ba1 Qb6 33. Rxb3 Qxb3 34. Qe2 Qb6 35. Nxf5 Qf6 36. Nh4 Rf8 37. Bb2 Nc5 38. Ba3 Rc8 39. Bxc5 Rxc5 40. Rb1 Rc8 41. Rb5 Bc3 42. Be4 Kg8 43. Nxg6 Nf4 44. gxf4 exf4 45. Qg4 Rd8 46. Rb7 Ra8 47. Ne7+ Kf8 48. Nd5 Kg8 49. Bf5 Qe5 50. Be6+ Kf8 51. Qf5+ 1-0

[Event "Titled Tuesday intern op 13th Aug Late"]
[Site "Chess.com INT"]
[Date "2024.08.13"]
[Round "8"]
[White "Karas, Marek"]
[Black "Kappeler, Kaspar"]
[Result "0-1"]
[WhiteElo "2161"]
[BlackElo "2113"]
[PlyCount "122"]
[EventDate "2024.08.13"]
[EventType "swiss (blitz)"]
[EventRounds "11"]
[EventCountry "USA"]
[SourceTitle "EXT 2025"]
[Source "ChessBase"]
[SourceDate "2024.10.14"]
[SourceVersion "1"]
[SourceVersionDate "2024.10.14"]
[SourceQuality "1"]

1. Nf3 Nf6 2. g3 g6 3. b3 Bg7 4. Bb2 0-0 5. Bg2 d6 6. d4 c6 7. c4 a5 8. Nc3 Bf5 9. 0-0 Ne4 10. Nxe4 Bxe4 11. Qd2 Nd7 12. Qf4 d5 13. cxd5 Bxd5 14. e4 Be6 15. Ng5 Nc5 16. Rad1 Qc8 17. Ba3 Na6 18. Bxe7 Re8 19. Bf6 Bh6 20. d5 cxd5 21. exd5 Bg4 22. Rde1 Be2 23. Qh4 Bxg5 24. Qxg5 Qc5 25. Rc1 Qd6 26. Rfe1 Nc5 27. Rc2 Bd3 28. Rxe8+ Rxe8 29. Rc1 Be4 30. Ba1 Bxg2 31. Kxg2 Ne4 32. Qh6 f6 33. Rd1 Qc5 34. Qe3 Qxe3 35. fxe3 Rd8 36. Kf3 f5 37. Kf4 Kf7 38. Ke5 Ke7 39. Rc1 Kd7 40. Bd4 Re8+ 41. Kf4 Nd6 42. Bb6 Nb5 43. Bxa5 Ra8 44. b4 Nd6 45. a4 b6 46. Bxb6 Rxa4 47. Rc7+ Ke8 48. Rxh7 Rxb4+ 49. Ke5 Rxb6 50. Rg7 Nf7+ 51. Kd4 Kf8 52. Rh7 Kg8 53. Rh3 Kg7 54. Kc5 Rb3 55. Rh4 Rxe3 56. d6 Rd3 57. d7 Rxd7 58. Rd4 Rxd4 59. Kxd4 Kf6 60. Kd5 Ng5 61. h4 Ne4 0-1

[Event "Titled Tuesday intern op 13th Aug Late"]
[Site "Chess.com INT"]
[Date "2024.08.13"]
[Round "9"]
[White "Yurtseven, Melih"]
[Black "Kappeler, Kaspar"]
[Result "1-0"]
[WhiteElo "2337"]
[BlackElo "2113"]
[PlyCount "85"]
[EventDate "2024.08.13"]
[EventType "swiss (blitz)"]
[EventRounds "11"]
[EventCountry "USA"]
[SourceTitle "EXT 2025"]
[Source "ChessBase"]
[SourceDate "2024.10.14"]
[SourceVersion "1"]
[SourceVersionDate "2024.10.14"]
[SourceQuality "1"]

1. e4 c5 2. Nf3 e6 3. d3 Nc6 4. g3 d5 5. Nbd2 Nge7 6. Bg2 g6 7. 0-0 Bg7 8. Re1 b6 9. h4 h6 10. c3 Ba6 11. Qc2 Rc8 12. a4 d4 13. c4 Nb4 14. Qb1 Bb7 15. b3 0-0 16. e5 Nf5 17. Ba3 a6 18. Bxb4 cxb4 19. Ne4 Bxe4 20. Rxe4 b5 21. axb5 axb5 22. cxb5 Qb6 23. g4 Ne7 24. Nxd4 Nd5 25. Ra6 Qb8 26. Qe1 Nc3 27. Re3 Nxb5 28. Nxb5 Qxb5 29. Ra4 Rc3 30. d4 Rfc8 31. Kh2 Rxe3 32. Qxe3 Rc3 33. Ra8+ Kh7 34. Qf4 Qd7 35. Rb8 Rxb3 36. Rb7 Qe8 37. Rxf7 Rc3 38. Qf6 Qg8 39. Be4 b3 40. Qxg6+ Kh8 41. Re7 b2 42. Re8 Rf3 43. Qh7# 1-0

[Event "Titled Tuesday intern op 09th Jul Late"]
[Site "Chess.com INT"]
[Date "2024.07.09"]
[Round "6"]
[White "Mikhalsky, Vladimir"]
[Black "Kappeler, Kaspar"]
[Result "1-0"]
[WhiteElo "2219"]
[BlackElo "2113"]
[PlyCount "63"]
[EventDate "2024.07.09"]
[EventType "swiss (blitz)"]
[EventRounds "11"]
[EventCountry "USA"]
[SourceTitle "EXT 2025"]
[Source "ChessBase"]
[SourceDate "2024.10.14"]
[SourceVersion "1"]
[SourceVersionDate "2024.10.14"]
[SourceQuality "1"]

1. c4 Nf6 2. Nc3 g6 3. e4 Bg7 4. d4 d6 5. f3 0-0 6. Be3 c5 7. Nge2 Nc6 8. d5 Ne5 9. Ng3 a6 10. Be2 Rb8 11. 0-0 Bd7 12. a4 h5 13. h3 h4 14. Nh1 b5 15. cxb5 axb5 16. Nxb5 c4 17. b3 Bxb5 18. axb5 Rxb5 19. bxc4 Rb2 20. Bd4 Rb4 21. Bxe5 dxe5 22. c5 Rd4 23. Qc2 Nh5 24. Rfd1 Nf4 25. Nf2 e6 26. d6 Qg5 27. Bf1 Rc8 28. c6 Bf8 29. d7 Rc7 30. Ra8 Kg7 31. Rxd4 exd4 32. d8Q 1-0

[Event "Titled Tuesday intern op 09th Jan Late"]
[Site "Chess.com INT"]
[Date "2024.01.09"]
[Round "5"]
[White "Kappeler, Kaspar"]
[Black "Argandona Riveiro, Inigo"]
[Result "1-0"]
[WhiteElo "2169"]
[BlackElo "2336"]
[PlyCount "171"]
[EventDate "2024.01.09"]
[EventType "swiss (blitz)"]
[EventRounds "11"]
[EventCountry "USA"]
[SourceTitle "EXT 2025"]
[Source "ChessBase"]
[SourceDate "2024.10.14"]
[SourceVersion "1"]
[SourceVersionDate "2024.10.14"]
[SourceQuality "1"]

1. d4 d6 2. Nf3 Nf6 3. c4 Nbd7 4. Nc3 e5 5. e4 Be7 6. Be2 0-0 7. 0-0 exd4 8. Nxd4 Re8 9. f3 Bf8 10. Be3 c6 11. Qd2 a5 12. Rad1 g6 13. Kh1 Qe7 14. b3 d5 15. cxd5 cxd5 16. Ndb5 dxe4 17. Nc7 exf3 18. Rxf3 Ne5 19. Nxe8 Nxe8 20. Rff1 Bg4 21. Nd5 Qh4 22. Bg5 Qh5 23. Bb5 Bxd1 24. Bxe8 Ng4 25. Bxf7+ Kh8 26. h3 Bg7 27. Nf4 Qxg5 28. Nxg6+ Qxg6 29. Bxg6 hxg6 30. Qxd1 Ne3 31. Qe2 Nxf1 32. Qxf1 Rf8 33. Qe2 Bd4 34. g3 b6 35. Kg2 Bc5 36. Qd3 Rf2+ 37. Kh1 Kg7 38. h4 Kh6 39. a4 Kg7 40. Qd7+ Kh6 41. Qd3 Kg7 42. g4 Kh6 43. h5 gxh5 44. gxh5 Kxh5 45. Qh3+ Kg5 46. Qg3+ Kf5 47. Qd3+ Kg4 48. Qc4+ Kf3 49. Qd3+ Kf4 50. Qc4+ Kf3 51. Qf7+ Ke2 52. Qe6+ Be3 53. Qc4+ Ke1 54. Qc3+ Ke2 55. Qc4+ Ke1 56. Qc3+ Ke2 57. Kg1 Rf1+ 58. Kg2 Rf2+ 59. Kg3 Rf3+ 60. Kg4 Rf4+ 61. Kh5 Rf5+ 62. Kg6 Rg5+ 63. Kf6 Rg3 64. Qc2+ Kf3 65. Kf5 Rg5+ 66. Ke6 Rg3 67. Kd6 Bc5+ 68. Kc6 Rg2 69. Qc4 Kg3 70. Qd5 Rf2 71. Qg5+ Kf3 72. Qf5+ Ke2 73. Qd5 Kf1 74. Qc4+ Kg2 75. Kb5 Kg3 76. Qd5 Kg4 77. Qe6+ Kg3 78. Qg6+ Kf3 79. Qd3+ Kg2 80. Qc4 Kg3 81. Qd5 Kf4 82. Qc6 Kg3 83. Qd7 Kf4 84. b4 axb4 85. a5 Be3 86. a6 1-0

[Event "Titled Tuesday intern op 09th Jan Late"]
[Site "Chess.com INT"]
[Date "2024.01.09"]
[Round "7"]
[White "Kappeler, Kaspar"]
[Black "Dias, Joao Batista de Sou"]
[Result "0-1"]
[WhiteElo "2169"]
[BlackElo "1746"]
[PlyCount "118"]
[EventDate "2024.01.09"]
[EventType "swiss (blitz)"]
[EventRounds "11"]
[EventCountry "USA"]
[SourceTitle "EXT 2025"]
[Source "ChessBase"]
[SourceDate "2024.10.14"]
[SourceVersion "1"]
[SourceVersionDate "2024.10.14"]
[SourceQuality "1"]

1. d4 d5 2. c4 c6 3. Nf3 Nf6 4. e3 g6 5. Nc3 Bg7 6. Bd3 0-0 7. 0-0 Re8 8. b3 Nbd7 9. Bb2 e5 10. dxe5 Nxe5 11. Nxe5 Rxe5 12. cxd5 Nxd5 13. Bxg6 hxg6 14. e4 Be6 15. exd5 Bxd5 16. Ne2 Rg5 17. Ng3 Bxb2 18. Rb1 Bg7 19. f4 Rxg3 20. hxg3 Qb6+ 21. Kh2 f6 22. Qe2 Kf7 23. g4 Rh8+ 24. Kg3 Re8 25. Qd2 Re3+ 26. Kh2 f5 27. gxf5 gxf5 28. a4 Rxb3 29. a5 Qb5 30. Rbe1 Qd3 31. Qf2 Bf6 32. Re2 Be4 33. Rd2 Qe3 34. Qxe3 Rxe3 35. Rd7+ Ke6 36. Rxb7 Bd4 37. Rd1 Kd5 38. Rd7+ Kc5 39. R7xd4 Kb5 40. Rd7 Kxa5 41. Rxa7+ Kb5 42. Rc7 Kc5 43. Rc1+ Kd6 44. Rc8 Re2 45. Rg8 Rf2 46. Rg6+ Kd5 47. Kh3 Rxf4 48. g3 Rf3 49. Rg5 Kd4 50. Kh4 Ke3 51. Rc3+ Kf2 52. Rxf3+ Kxf3 53. Rg6 Ke3 54. Rf6 Kd4 55. Kg5 c5 56. Kf4 c4 57. Rf8 c3 58. Rd8+ Bd5 59. Rc8 Bc4 0-1

[Event "Titled Tuesday intern op 09th Jan Late"]
[Site "Chess.com INT"]
[Date "2024.01.09"]
[Round "6"]
[White "Spichkin, Alexander"]
[Black "Kappeler, Kaspar"]
[Result "1-0"]
[WhiteElo "2035"]
[BlackElo "2169"]
[PlyCount "45"]
[EventDate "2024.01.09"]
[EventType "swiss (blitz)"]
[EventRounds "11"]
[EventCountry "USA"]
[SourceTitle "EXT 2025"]
[Source "ChessBase"]
[SourceDate "2024.10.14"]
[SourceVersion "1"]
[SourceVersionDate "2024.10.14"]
[SourceQuality "1"]

1. f4 d5 2. Nf3 Nf6 3. e3 g6 4. Be2 Bg7 5. 0-0 0-0 6. d3 c5 7. Kh1 Nc6 8. a4 Qc7 9. Nc3 a6 10. e4 d4 11. Nb1 e5 12. Qe1 Ng4 13. Qg3 Ne3 14. Bxe3 dxe3 15. f5 gxf5 16. exf5 Kh8 17. Nc3 Nd4 18. Rae1 Nxc2 19. Nd5 Qc6 20. f6 Bh6 21. Qh4 Bf4 22. Nxf4 exf4 23. Ng5 1-0

[Event "Titled Tuesday intern op 02nd Jan Late"]
[Site "Chess.com INT"]
[Date "2024.01.02"]
[Round "3"]
[White "Balla, Tamas Kristof"]
[Black "Kappeler, Kaspar"]
[Result "0-1"]
[WhiteElo "2283"]
[BlackElo "2169"]
[PlyCount "48"]
[EventDate "2024.01.02"]
[EventType "swiss (blitz)"]
[EventRounds "11"]
[EventCountry "USA"]
[SourceTitle "EXT 2025"]
[Source "ChessBase"]
[SourceDate "2024.10.14"]
[SourceVersion "1"]
[SourceVersionDate "2024.10.14"]
[SourceQuality "1"]

1. e4 c5 2. c3 Nf6 3. e5 Nd5 4. d4 cxd4 5. Nf3 Nc6 6. cxd4 d6 7. Bc4 Nb6 8. Bb5 dxe5 9. Nxe5 Bd7 10. Nxd7 Qxd7 11. Nc3 e6 12. 0-0 Be7 13. Be3 0-0 14. Qg4 Rfd8 15. Rad1 Nd5 16. Bd3 Bf6 17. Ne4 Bxd4 18. Bxd4 Nxd4 19. Ng5 Nf6 20. Qh4 h6 21. Ne4 Nxe4 22. Bxe4 Ne2+ 23. Kh1 Qxd1 24. Bh7+ Kh8 0-1